000 00605 a2200169 4500
020 _a 8131501248
040 _aDLC
_bDLC
082 _a621.382
100 _aProakis, John G.
245 _aContemporary Communication Systems Using MATLAB and Simulink
_cJohn G. Proakis
250 _a2nd ed.
260 _aUSA :
_bThomson--Brooks/Cole,
_cc2004.
300 _aviii, 487 p. :
_bill. ;
_c24 cm.
500 _aIncludes bibliographical references and index
650 _a1.MATLAB.2.Data transmission systems --Computer simulation. 3.Telecommunication systems --Computer simulation.
942 _cBK
_k621.382 PRO
_2ddc
999 _c4703
_d4703